Представление документа в формате MARC21

Поле Инд. ПП Название Значение
Тип записи a
Библиографический уровень b
001 Контрольный номер RU/IS/BASE/105460411
005 Дата корректировки 20200630193230.8
084 a Индекс другой классификации/Индекс ББК 60.028.13
a Индекс другой классификации/Индекс ББК 60.524.224.026
100 1_ a Автор Науменко Т. В.
245 a Заглавие Массовое сознание и его роль в массово-коммуникативном процессе
n Номер части/ раздела Статья первая
504 a Библиография Библиогр. ссылки
650 a Основная рубрика социальная философия
a Основная рубрика социология
a Основная рубрика философия
653 a Ключевые слова гражданское сознание
a Ключевые слова классовое сознание
a Ключевые слова массовое сознание
a Ключевые слова методология исследования
a Ключевые слова национальное сознание
a Ключевые слова общественное сознание
a Ключевые слова религиозное сознание
a Ключевые слова социальная деятельность
a Ключевые слова социальная коммуникация
a Ключевые слова социальные установки
a Ключевые слова элитарное сознание
773 t Заглавие источника Вестник Московского университета. Серия 18, Социология и политология
d Дата издания источника 2003
g Прочая информация № 1. - С. 147 - 157
w Контрольный № источника RU/IS/BASE/103733045
901 t Тип документа b